Networker - networkingová platforma na konferencie

Guardado en:
Detalles Bibliográficos
Autor principal: Bednár, Richard, 1985-
Formato: Capítulo de libro
Lenguaje:eslovaco
Materias:
Etiquetas: Agregar Etiqueta
Sin Etiquetas, Sea el primero en etiquetar este registro!

MARC

LEADER 00000naa$a2200000$$$4500
001 0225484
005 20240502073710.2
041 0 |a slo 
044 |a SK 
245 1 0 |a Networker - networkingová platforma na konferencie  |c Richard Bednár 
610 2 0 |a štúdie prípadové 
610 2 0 |a start-up 
610 2 0 |a internet 
610 2 0 |a konferencie elektronické 
100 1 |a Bednár, Richard, 1985-